000 00663nam a22002055i 4500
001 168861
003 ES-MaACL
005 20230906213919.0
008 080616s1963 sz |||| | fre d
080 _a821.133.1-2"19"
100 1 _aAnouilh, Jean.
_921817
245 1 0 _aThéâtre complet de Jean Anouilh /
_cpréface de Pol Vandromme.
260 _aLaussane :
_bLa Guilde du Livre,
_c[1963]
300 _a2 v. ;
_c18 cm.
490 1 _ales trétaux du monde
700 1 _aVandromme, Pol.
_9137990
830 0 _ales trétaux du monde
_9222772
852 _aES-MaACL
_jE-12197-98
_9R.190408
_z.- Biblioteca Jacinto Martínez Lacalle
999 _c168861
_d168861